Salón Crisol (Registro nro. 325848)
[ vista simple ]
| 000 -ENCABEZADO | |
|---|---|
| Número de control [NR] | 01311nam a22002777a 4500 |
| 005 - FECHA Y HORA DE LA ÚLTIMA TRANSACCIÓN | |
| control field | 20251112100321.0 |
| 008 - DE LONGITUD FIJA DE DATOS DE ELEMENTOS - INFORMACIÓN GENERAL | |
| Elementos de longitud fija [NR] | 251112t ||||| |||| 00| 0 spa d |
| 020 ## - NUMERO INTERNACIONAL NORMALIZADO PARA LIBROS [R] | |
| Número Internacional Normalizado del libro [NR] | 9789584885968 |
| 040 ## - FUENTE DE CATALOGACION [NR] | |
| Agencia de catalogación original [NR] | CO-BoUCM |
| Quien Cataloga | David Moreno |
| Quien Clasifica | David Moreno |
| 041 ## - CODIGO DE IDIOMA [R] | |
| Código de idioma para texto/pista de sonido o título separado [R] | Español |
| 110 2# - ASIENTO PRINCIPAL--NOMBRE CORPORATIVO [NR] | |
| Nombre corporativo o de jurisdicción como elemento de entrada [NR] | MAMBO. Museo de Arte Moderno de Bogotá |
| ID de autoridad | 187282 |
| 245 10 - MENCION DE TITULO [NR] | |
| Título [NR] | Salón Crisol |
| Parte restante del título [NR] | joyería contemporánea 2009–2019 |
| Mención de responsabilidad, etc. [NR] | MAMBO |
| 250 ## - MENCION DE EDICION [NR] | |
| Mención de edición [NR] | 1a.Ed |
| 260 ## - PUBLICACION, DISTRIBUCION, ETC. (PIE DE IMPRENTA) [R] | |
| Lugar de publicación, distribución, etc. [R] | Bogotá, Colombia |
| Nombre del editor, distribuidor, etc. [R] | QAP Impresos y Terminados Gráficos; MAMBO. Museo de Arte Moderno de Bogotá |
| Fecha de publicación, distribución, etc. [R] | 2020 |
| 300 ## - DESCRIPCION FISICA [R] | |
| Extensión [R] | 79 paginas |
| Otros detalles físicos [NR] | ilustraciones (color) |
| 500 ## - NOTA GENERAL [R] | |
| Nota general [NR] | Publicado con ocasión de la exposición realizada en el Museo de Arte Moderno de Bogotá, del 12 de septiembre al 13 de octubre de 2019. |
| 500 ## - NOTA GENERAL [R] | |
| Nota general [NR] | Diseño y diagramación: Julián Andrés Camargo ; fotografía: Julián Andrés Camargo ; corrección de estilo: Sigrid Happle. |
| 650 14 - ASIENTO SECUNDARIO DE MATERIA - TERMINO TEMATICO [R] | |
| Término temático o nombre geográfico como elemento de entrada [NR] | Joyería contemporánea |
| Subdivisión de forma [R] | Exposiciones |
| Subdivisión geográfica [R] | Colombia |
| 9 (RLIN) | 187283 |
| 650 14 - ASIENTO SECUNDARIO DE MATERIA - TERMINO TEMATICO [R] | |
| Término temático o nombre geográfico como elemento de entrada [NR] | Arte colombiano |
| Subdivisión general [R] | Diseño de joyas |
| Subdivisión cronológica [R] | Siglo XXI. |
| 9 (RLIN) | 187284 |
| 700 1# - ASIENTO SECUNDARIO - NOMBRE PERSONAL [R] | |
| Nombre personal [NR] | Rodríguez Burgos, Andrés |
| Término de relación [R] | editor |
| 9 (RLIN) | 187285 |
| 700 1# - ASIENTO SECUNDARIO - NOMBRE PERSONAL [R] | |
| Nombre personal [NR] | Camargo, Julián Andrés |
| Término de relación [R] | fotografías |
| 9 (RLIN) | 187286 |
| 700 1# - ASIENTO SECUNDARIO - NOMBRE PERSONAL [R] | |
| Nombre personal [NR] | Ramos, Daniel |
| 9 (RLIN) | 187287 |
| 700 1# - ASIENTO SECUNDARIO - NOMBRE PERSONAL [R] | |
| Nombre personal [NR] | Happle, Sigrid |
| 9 (RLIN) | 187288 |
| 942 ## - ELEMENTOS DE ENTRADA AGREGADOS (KOHA) | |
| Sistema de clasificación | DEWEY |
| Tema principal | Arte |
| Tipo de ítem principal el descrito en 300a | Libro |
| Edición | 1 |
| Clasificación | 739.27 |
| Parte restante de la signatura top. | M986s |
| Título oculto en OPAC | No |
| Total préstamos | Signatura topográfica | Código de barras | Última vez visto | Ejemplar | Costo de reposición | Price effective from | Tipo de ítem | Perdido | Sistema de clasificación | Dañado | No prestable | Tipo de ítem específico | Suprimido | Ubicación habitual | Ubicación actual | Localización | Fecha de creación | Forma de adquisición |
|---|---|---|---|---|---|---|---|---|---|---|---|---|---|---|---|---|---|---|
| 739.27 M986s | 100174541 | 06/12/2025 | Ej.1 | 26000.00 | 12/11/2025 | Libro | DEWEY | Libro | Claustro | Claustro | 2do piso | 12/11/2025 | Donación |